Fußball: Trainer des 1. FC Kaiserslautern – Sudden Death - Statistiken

Allgemein
  • Dieses Quiz wurde 198 mal gespielt
  • Das Durchschnittsergebnis liegt bei 7 aus 11
Answers on the Grid
Answers color-coded by a green-red scale on the quiz's grid according to % correct below.
Otto Rehhagel
Erich Ribbeck
Karlheinz Feldkamp
Friedel Rausch
Eric Gerets
Kurt Jara
Wolfgang Wolf
Marco Kurz
Kosta Runjaic
Dirk Schuster
Friedhelm Funkel
Winfried Schäfer
Werner Lorant
Frank Schmidt
Hansi Flick
Mirko Slomka
 
Antwortstatistiken
Antwort % Korrekt
Friedhelm Funkel
86%
Otto Rehhagel
84%
Dirk Schuster
71%
Kosta Runjaic
66%
Marco Kurz
66%
Karlheinz Feldkamp
61%
Wolfgang Wolf
56%
Eric Gerets
53%
Kurt Jara
53%
Friedel Rausch
49%
Erich Ribbeck
44%
Keine übereinstimmenden Quizze gefunden
Verteilung der Resultate
Anzahl Personen mit jedem Resultat
Perzentil nach korrekt beantworteten Fragen
Ihre Resultats-Entwicklung
Sie haben dieses Quiz noch nicht gespielt